00958nam a22002777a 45000010005000000030006000050050017000110080041000280200018000690400029000870500020001160820010001361000027001462450037001732600048002103000037002584900040002955050007003355200109003425210018004515210018004696500022004879420015005099990015005249520141005399902FISKH20260313091622.0260313b cb ||||| |||| 00| 0 eng d a9780194643771 aFISKHbengcFISKHdFISKH aPE1126.A4 Q4565 a621.8 aQuinn, Robert eAuthor aYour five senses /cRobert Quinn aNew York :bOxford University Press ,c2010 a48 pages :bphotographs ;c21 cm aOxford read and discover :vLevel 3 aP  aRead and discover all about the five wonderful senses... How do your eyes work? What's under your skin? 8 a640 bLexile 8 aP bRaz-Plus  aDiscovervSenses  2ddccBKn0 c9902d9902 00102ddc40708NFICa002b002cTTP Yellow d2026-03-13l0oQUI 612.8 PE1126.A4 Q4569pFIS01488r2026-03-13 09:16:20t1w2026-03-13yBK